| 000 | 01011nam a22002897a 4500 | ||
|---|---|---|---|
| 003 | EG-ScBUE | ||
| 005 | 20221004105341.0 | ||
| 008 | 121231t2012 caua f 000 0 eng d | ||
| 020 | _a0981665845 | ||
| 020 | _a9780981665849 | ||
| 040 |
_aEG-ScBUE _beng _erda _cEG-ScBUE _dEG-ScBUE |
||
| 082 | 0 | 4 |
_a720.483 _bEVO _222 |
| 245 | 0 | 0 |
_aEvolo skyscrapers / _c[editor-in-chief, Carlo Aiello]. |
| 264 | 1 |
_aLos Angeles : _bEvolo, _c[2012] |
|
| 264 | 4 | _cc2012 | |
| 300 |
_a1223 pages : _billustrations (chiefly color) ; _c30 cm |
||
| 520 | _aA compilation of 300 projects submited since 2006 for the eVolo Skyscraper competition. | ||
| 650 | 7 |
_aSkyscrapers _vDesigns and plans. _2BUEsh _931924 |
|
| 650 | 7 |
_aTall buildings _xCompetitions. _2BUEsh _931925 |
|
| 650 | 7 |
_aArchitecture, Modern _y21st century. _2BUEsh _931926 |
|
| 650 | 7 |
_aVisionary architecture. _931927 _2BUEsh |
|
| 651 | _2BUEsh | ||
| 653 |
_bENGARC _cDecember2012 |
||
| 655 | _vReading book | ||
| 700 | 1 |
_aAiello, Carlo, _eeditor. |
|
| 942 |
_2ddc _cBB |
||
| 999 |
_c17146 _d17118 |
||